Los 8 clubes mas campeones de la Liga MX - Estadísticas

Estadísticas generales
  • Esta prueba ha sido intentada 115 veces
  • La puntuación promedio es 7 de 8
Estadísticas de respuestas
Total de Títulos Club % Correcto
15 Club América
98%
12 C.D. Guadalajara
96%
8 Tigres UANL
94%
9 Cruz Azul
87%
7 Pumas UNAM
86%
10 Deportivo Toluca
82%
7 C.F. Pachuca
79%
8 Club León
77%
No se encontraron pruebas coincidentes
Distribución de puntuación
Porcentaje de gente con cada puntuación
Porcentaje por número respondido
Historial de tus puntuaciones
No has intentado esta prueba.